Religion Quiz

Random Religion or Bible Quiz

Invisible Bible Books Quiz Stats

 Plays Quiz Updated Jul 16, 2015

Score 0/66 Timer 12:00
0 Plays Today
Answer % Correct
Genesis
94.2%
John
90.7%
Exodus
90.1%
Luke
89%
Mark
88.4%
Matthew
88.3%
Leviticus
84.5%
Numbers
83.5%
Ruth
81.4%
Deuteronomy
81.1%
Psalms
80.9%
Revelation
79.1%
Acts
77.1%
Job
76.9%
1 Kings
72.4%
2 Kings
72.4%
Romans
72.4%
1 Corinthians
69.6%
2 Corinthians
69.5%
Judges
68.8%
2 John
67.9%
Proverbs
67.8%
Esther
67.5%
Song of Solomon
67.1%
Joshua
66.9%
1 John
66.3%
3 John
64.8%
Isaiah
63.3%
1 Samuel
63.1%
2 Samuel
63%
Daniel
61.2%
Ephesians
60.1%
Galatians
59.8%
Answer % Correct
Ezekiel
59.6%
Jude
59.5%
1 Chronicles
58.8%
2 Chronicles
58.7%
1 Peter
58.7%
2 Peter
58.6%
Ezra
58.4%
Jeremiah
58%
1 Timothy
57.6%
2 Timothy
57.4%
Jonah
57.2%
James
55.9%
Colossians
55.2%
Hebrews
54.2%
Ecclesiastes
53.7%
Malachi
53.3%
Philippians
53.2%
Nehemiah
53.1%
Titus
52.8%
Amos
52%
Lamentations
51.9%
Micah
51.3%
1 Thessalonians
50.8%
2 Thessalonians
50.7%
Obadiah
49.7%
Zechariah
49.4%
Philemon
48.2%
Hosea
47.3%
Habakkuk
46.5%
Zephaniah
46.3%
Joel
46.2%
Nahum
44.5%
Haggai
43%

You're not logged in!

Compare scores with friends on all Sporcle quizzes.
OR
Log In

Sporcle TV

Today on Sporcle TV


Watch our educational content, quiz creation guides, and fun videos on Sporcle TV.

Show Comments

Extras

Top Quizzes Today


Score Distribution

Your Account Isn't Verified!

In order to create a playlist on Sporcle, you need to verify the email address you used during registration. Go to your Sporcle Settings to finish the process.

Report this User

Report this user for behavior that violates our Community Guidelines.

Details: